One piece 7ème sondage de popularité - Statistiques

Statistiques générales
  • Ce quiz a été pris 302 fois
  • Le résultat moyen est 23 sur 30
Statistiques - réponses
Classement Personnage % Correct
1er Monkey D. Luffy
100%
2ème Roronoa Zoro
100%
3ème Nami
98%
6ème Nico Robin
97%
4ème Vinsmoke Sanji
97%
16ème Tony-tony Chopper
95%
28ème Franky
94%
18ème Jinbe
94%
9ème Portgas D. Ace
93%
26ème Brook
91%
15ème Usopp
91%
12ème Shanks
90%
10ème Sabo
88%
5ème Trafalgar D. Water Law
87%
20ème Don Quijote Doflamingo
80%
23ème Eustass Kidd
77%
17ème Crocodile
76%
29ème Gol D. Roger
76%
30ème Dracule Mihawk
75%
7ème Boa Hancock
69%
14ème Charlotte Katakuri
67%
21ème Nefertari Vivi
67%
19ème Marco
60%
24ème Kozuki Oden
56%
8ème Carrot
54%
11ème Yamato
54%
27ème Smoker
42%
13ème Don Quijote Rosinante
41%
22ème Mr 2 Bonclay
35%
25ème Perona
32%
Aucun quiz correspondant
Distribution des résultats
% des personnes avec chaque résultat
Percentile par nombre de réponses
Votre historique - résultats
Vous n’avez pas pris ce quiz